| 000 | 00418 a2200157 4500 | ||
|---|---|---|---|
| 999 |
_c5175 _d5175 |
||
| 020 | _a0086222287 | ||
| 050 | 0 | 0 | _aPL8681.9.M6 |
| 100 | 1 |
_aMoyo, Aaron C., _d1950- |
|
| 245 | 1 | 0 |
_aChenga ose : _bmutambo / _cwakanyorwa naAaron Chiundura. |
| 264 |
_aGweru : _bMambo Press, _c1983 |
||
| 300 | _a71 p. ; | ||
| 440 | 0 | _aMembo writers series. | |
| 500 | _aIn Shona. | ||
| 650 |
_aNovel _xShona |
||
| 942 |
_2lcc _cBK _h8681 _iMOY _kPL |
||